000 01427nam a22002297a 4500
999 _c60296
_d60296
003 Ge_BSU
005 20230627100841.0
008 230627s2015 ge ||||| |||| 00| 0 geo d
041 _ageo
080 _a821.353.1-1 ა-76
100 _aარაბული, ბათირა
_918983
245 _aმითებში შობილთა მემკვიდრე
_cარაბული ბათირა; რედ. ამირან არაბული, ბაღათერ არაბული, ტარიელ ფუტკარაძე.
264 _aთბილისი :
_b"ლომისი",
_c2015.
300 _a162 გვ.:
_bილ. ;
_c21 სმ.
500 _aწიგნი დაიბეჭდა ხევსურეთის მეგობრის, გულშემატკივრისა და ქველმოქმედის მამუკა ცაგარელის ფინანსური მხარდაჭერით.
653 _aმითებში შობილთა მემკვიდრე
653 _aლექსები
700 _aარაბული, ამირან
_eრედაქტორი
_95770
700 _aარაბული, ბაღათერ
_eრედაქტორი
_94184
700 _aფუტკარაძე, ტარიელ
_eრედაქტორი
_9128
942 _2udc
_cBK